Managing quality : (Record no. 1804)

MARC details
000 -LEADER
fixed length control field 00612nam a2200205 ar4500
001 - CONTROL NUMBER
control field 1806
005 - DATE AND TIME OF LATEST TRANSACTION
control field 20221127090307.0
008 - FIXED-LENGTH DATA ELEMENTS--GENERAL INFORMATION
fixed length control field 100306s xxua 00110|eng d
020 ## - INTERNATIONAL STANDARD BOOK NUMBER
International Standard Book Number 0135078199(pbk) :
Terms of availability SR209.00
082 04 - DEWEY DECIMAL CLASSIFICATION NUMBER
Classification number 658.4013
Item number F817 2010
100 1# - MAIN ENTRY--PERSONAL NAME
Personal name Foster, S. Thomas.
245 10 - TITLE STATEMENT
Title Managing quality :
Remainder of title integrating the supply chain /
Statement of responsibility, etc. S. Thomas Foster.
250 ## - EDITION STATEMENT
Edition statement 4th ed.
260 ## - PUBLICATION, DISTRIBUTION, ETC.
Place of publication, distribution, etc. Boston, Mass. :
Name of publisher, distributor, etc. Pearson,
Date of publication, distribution, etc. 2010.
300 ## - PHYSICAL DESCRIPTION
Extent 545 p. :
Other physical details ill. ;
Dimensions 25 cm.
500 ## - GENERAL NOTE
General note Includes index.
650 #4 - SUBJECT ADDED ENTRY--TOPICAL TERM
Topical term or geographic name entry element Quality control.
650 #4 - SUBJECT ADDED ENTRY--TOPICAL TERM
Topical term or geographic name entry element Total quality management.
650 #4 - SUBJECT ADDED ENTRY--TOPICAL TERM
Topical term or geographic name entry element Materials management.
Holdings
Withdrawn status Lost status Source of classification or shelving scheme Damaged status Not for loan Home library Current library Date acquired Total Checkouts Full call number Barcode Date last seen Copy number Price effective from Koha item type Date last checked out
              11/27/2022   658.4013 F817 2010 1000000006247 11/27/2022 C2 11/27/2022 Book  
              11/27/2022   658.4013 F817 2010 1000000008966 11/27/2022 C2 11/27/2022 Book  
          CENTRAL CENTRAL 11/27/2022 1 658.4013 F817 2010 1000000007140 08/31/2023 C3 11/27/2022 Book 08/30/2023
          CENTRAL CENTRAL 11/27/2022   658.4013 F817 2010 1000000007137 11/27/2022 C4 11/27/2022 Book  
          CENTRAL CENTRAL 11/27/2022   658.4013 F817 2010 1000000007138 11/27/2022 C5 11/27/2022 Book  
          KHOBAR KHOBAR 11/27/2022   658.4013 F817 2010 1000000005859 11/27/2022 C1 11/27/2022 Book